Central Library OPAC University of Rajshahi

Amelia / (Record no. 21877)

MARC details
000 -LEADER
fixed length control field 00922nam a2200277 a 4500
001 - CONTROL NUMBER
control field 21877
003 - CONTROL NUMBER IDENTIFIER
rucl marc code BD-RjUL
005 - DATE AND TIME OF LATEST TRANSACTION
control field 20211209000735.0
008 - FIXED-LENGTH DATA ELEMENTS--GENERAL INFORMATION
fixed length control field 140305r19501930enk 000 1 eng d
035 ## - SYSTEM CONTROL NUMBER
System control number (BD-RjUL)21942
040 ## - CATALOGING SOURCE
Original cataloging agency LC
Language of cataloging eng
Transcribing agency LC
Modifying agency SL
-- BD-RjUL
041 ## - LANGUAGE CODE
Language code of text/sound track or separate title eng
082 04 - DEWEY DECIMAL CLASSIFICATION NUMBER
Edition number 22
Classification number 823.914
Author mark and year FIA V-1 1950
100 1# - MAIN ENTRY--PERSONAL NAME
Personal name Fielding, Henry,
Dates associated with a name 1707-1754.
9 (RLIN) 67544
245 10 - TITLE STATEMENT
Title Amelia /
Statement of responsibility, etc. by Henry Fielding.
Number of part/section of a work Volume One
260 ## - PUBLICATION, DISTRIBUTION, ETC. (IMPRINT)
Place of publication, distribution, etc. London ;
-- Toronto :
Name of publisher, distributor, etc. J.M. Dent ;
Place of publication, distribution, etc. New York :
Name of publisher, distributor, etc. E.P. Dutton,
Date of publication, distribution, etc. 1930 [reprinted 1950].
300 ## - PHYSICAL DESCRIPTION
Pagination xx, 299 p. ;
Size 18 cm.
650 #0 - SUBJECT ADDED ENTRY--TOPICAL TERM
Topical term or geographic name as entry element Married women
Geographic subdivision England
General subdivision Fiction.
9 (RLIN) 67545
651 #0 - SUBJECT ADDED ENTRY--GEOGRAPHIC NAME
Geographic name England
General subdivision Social life and customs
Chronological subdivision 18th century
General subdivision Fiction.
9 (RLIN) 60231
942 ## - ADDED ENTRY ELEMENTS (KOHA)
Source of classification or shelving scheme Dewey Decimal Classification
Koha item type Books
Holdings
Lost status Source of classification or shelving scheme Damaged status Not for loan Collection code Permanent Location Current Location Shelving location Date acquired Source of acquisition Cost, normal purchase price Total Checkouts Full call number Date last seen Copy number Koha item type
  Dewey Decimal Classification   Added to bundle Fiction Central Library, University of Rajshahi Central Library, University of Rajshahi Reading Room 27/09/1955 B.H Black well. 56.00   823.914 FIA V-1 1950 05/03/2014 C-1 Books
  Dewey Decimal Classification     Fiction Central Library, University of Rajshahi Central Library, University of Rajshahi   30/10/1968 Zeitlinger. 13.60   823.914 FIA V-1 1966 05/03/2014 C-3 Books